00660nam a2200181Ia 4500008004100000020001800041041000800059082001800067100002000085245007700105260001400182300000700196365001600203700002000219906005100239999001900290952016900309230718s9999 xx 000 0 und d a9789350237212 aeng a658.7'82bIGO aIgoe T.9193662 aGetting Started With RFIDbIdentify Objects In The Physical World Around c2012bSPD a28 cRs.b100.00 aIgoe T.9193662 dO:0367331-Dec-2016B:266828-Dec-2016cGENRLb15 c343883d343883 00104070aCCEPbCCEPd2017-01-05eTechnical Book ServicesfGENRLg85.00i2668l0o658.7'82pCCEP-BK-55090r2023-07-18 00:00:00t15v100.00w2016-12-28yBKz055090